| 000 | 00527nam a2200205 a 4500 | ||
|---|---|---|---|
| 001 | BRCA_7866 | ||
| 005 | 20190320210030.0 | ||
| 008 | 191113s1947----fr-a######---#000-0#fre-# | ||
| 041 | _afre | ||
| 044 | _afr | ||
| 050 | 4 |
_aNK3049 _b.B37 1947 |
|
| 100 | 1 |
_aBaschet, Jacques _919462 |
|
| 245 | 1 | 0 |
_aTapisseries de France _cJacques Baschet. |
| 260 |
_aParís _bNouvelles _c1947 |
||
| 300 |
_a94 p. _bil. a color, 70 láminas _c39 cm. |
||
| 500 | _aY107 | ||
| 650 | 1 | 4 |
_aTapices franceses _919463 |
| 902 | _aGFM | ||
| 942 |
_2lcc _cB |
||
| 999 |
_c7540 _d7540 |
||